[Event "Biel"]
[Site "?"]
[Date "1990.??.??"]
[Round "?"]
[White "Andersson"]
[Black "Polugaevsky"]
[Result "1-0"]
[WhiteElo "2630"]
[BlackElo "2610"]
[PlyCount "85"]
[EventDate "1990.??.??"]
[Source "www.chesslib.no"]
[SourceDate "2004.05.04"]

1. c4 c5 2. Nf3 Nc6 3. d4 cxd4 4. Nxd4 Nf6 5. Nc3 e6 6. a3 Bc5 7. Nb3 Be7 8. e4 O-O 9. Be2 b6 10. O-O Bb7 11. Be3 Rc8 12. Rc1 Ne5 13. Nb5 Nxe4 14. Nxa7 Ra8 15. Nb5 d6 16. N3d4 Nf6 17. f4 Ned7 18. Bf3 Qc8 19. Qe2 Rd8 20. Kh1 Bf8 21. Bg1 g6 22. b4 e5 23. Bxb7 Qxb7 24. fxe5 dxe5 25. Nc2 Nh5 26. Rcd1 Ndf6 27. Qxe5 Rxd1 28. Rxd1 Re8 29. Qd4 Re2 30. Ne3 Ne4 31. Nc3 Nxc3 32. Qxc3 Qe7 33. Nd5 Qe4 34. Qf3 Qxc4 35. Nxb6 Qe6 36. Nd5 Bd6 37. g4 Nf4 38. Nxf4 Bxf4 39. Rf1 g5 40. Bf2 Ra2 41. Bg3 Qa6 42. Bxf4 Rxa3 43. Be3 1-0

[Event "Linares"]
[Site "Linares"]
[Date "1983.??.??"]
[Round "?"]
[White "Andersson, Ulf"]
[Black "Timman, Jan H"]
[Result "1/2-1/2"]
[WhiteElo "2635"]
[BlackElo "2605"]
[PlyCount "37"]
[EventDate "1983.02.??"]
[Source "ChessBase"]

1. Nf3 c5 2. c4 Nc6 3. d4 cxd4 4. Nxd4 Nf6 5. Nc3 e6 6. Bf4 d5 7. cxd5 Nxd5 8. Nxc6 bxc6 9. Bd2 Bb4 10. Qc2 Qa5 11. e3 Nxc3 12. Bxc3 Bxc3+ 13. Qxc3 Qxc3+ 14. bxc3 Rb8 15. O-O-O Ke7 16. Bc4 c5 17. Rd2 Bd7 18. Re1 Ba4 19. Ree2 1/2-1/2

[Event "Madrid"]
[Site "Madrid"]
[Date "1992.??.??"]
[Round "3"]
[White "Salov, Valery"]
[Black "Yudasin, Leonid"]
[Result "1-0"]
[WhiteElo "2655"]
[BlackElo "2580"]
[PlyCount "117"]
[EventDate "1992.05.??"]
[Source "ChessBase"]

1. Nf3 c5 2. c4 Nf6 3. Nc3 Nc6 4. d4 cxd4 5. Nxd4 e6 6. a3 Qc7 7. Ndb5 Qb8 8. g3 a6 9. Nd4 Qc7 10. Bg2 Be7 11. O-O Ne5 12. Bf4 d6 13. Rc1 O-O 14. Na4 Ng6 15. Be3 Ng4 16. Bd2 Bf6 17. e3 N4e5 18. c5 d5 19. Nb6 Rb8 20. b4 Nd7 21. Nxc8 Rbxc8 22. Qb3 b6 23. cxb6 Qxb6 24. Nf3 h6 25. Rxc8 Rxc8 26. Rc1 Rxc1+ 27. Bxc1 Nge5 28. Nxe5 Nxe5 29. Bb2 Qb5 30. Bxe5 Bxe5 31. Bf1 Qc6 32. Qd3 Bb2 33. Qb3 Bf6 34. Bd3 g6 35. a4 Bd8 36. a5 Be7 37. b5 axb5 38. Bxb5 Qc1+ 39. Bf1 Qc7 40. a6 Bc5 41. Qc2 Qd6 42. Kg2 Ba7 43. Bd3 d4 44. e4 Qc5 45. Qa4 Qc3 46. Qb5 Qd2 47. h4 Kf8 48. e5 Kg7 49. Qb1 Bc5 50. Qb3 Ba7 51. Qb5 Kf8 52. Qb7 Qxd3 53. Qxa7 Qe4+ 54. Kh2 Qe2 55. Qb7 d3 56. a7 Qxf2+ 57. Kh3 d2 58. a8=Q+ Kg7 59. Qf3 1-0

[Event "IBM"]
[Site "Amsterdam"]
[Date "1975.??.??"]
[Round "15"]
[White "Huebner, Robert"]
[Black "Ljubojevic, Ljubomir"]
[Result "0-1"]
[WhiteElo "2615"]
[BlackElo "2615"]
[PlyCount "44"]
[EventDate "1975.??.??"]
[Source "ChessBase"]

1. c4 c5 2. Nf3 Nf6 3. Nc3 e6 4. d4 cxd4 5. Nxd4 Nc6 6. Ndb5 Bc5 7. a3 O-O 8. b4 Be7 9. Nd6 Ne8 10. Bf4 b6 11. e4 Nxd6 12. Bxd6 Bxd6 13. Qxd6 Qf6 14. Rc1 Ne5 15. Be2 Bb7 16. O-O Rfc8 17. Rfd1 g5 18. Qd4 Bc6 19. a4 d6 20. Ra1 Kg7 21. a5 Be8 22. g3 Rxc4 0-1

[Event "Pamplona"]
[Site "Pamplona"]
[Date "1992.??.??"]
[Round "8"]
[White "Sokolov, Ivan"]
[Black "Illescas Cordoba, Miguel"]
[Result "1/2-1/2"]
[WhiteElo "2625"]
[BlackElo "2600"]
[PlyCount "71"]
[EventDate "1992.12.??"]
[Source "ChessBase"]

1. c4 c5 2. Nf3 Nf6 3. Nc3 Nc6 4. d4 cxd4 5. Nxd4 e6 6. a3 Bc5 7. Nb3 Be7 8. e4 O-O 9. Be2 b6 10. O-O Bb7 11. Be3 d6 12. f4 Rc8 13. Bf3 Qc7 14. Rc1 Qb8 15. Qe2 Nd7 16. Rfd1 Rfd8 17. Qf2 Bf6 18. Nb5 Nc5 19. Nxc5 dxc5 20. e5 Be7 21. Kh1 Na5 22. Be2 Bc6 23. Nc3 Qb7 24. Rxd8+ Rxd8 25. Rd1 Rxd1+ 26. Nxd1 Qd7 27. Nc3 f5 28. h3 Kf7 29. Kh2 g6 30. Qf1 a6 31. Bd3 Bb7 32. Qe2 Qc6 33. Qf2 Nb3 34. Bf1 Qd7 35. Qc2 Na5 36. Qf2 1/2-1/2

[Event "Bundesliga 2007-8"]
[Site "Eppingen GER"]
[Date "2007.12.09"]
[Round "6"]
[White "Fridman, D2."]
[Black "Khenkin, I."]
[Result "1/2-1/2"]
[WhiteElo "2621"]
[BlackElo "2600"]
[PlyCount "41"]
[EventDate "2007.10.19"]
[Source "www.chesslib.no"]
[SourceDate "2004.05.04"]

1. c4 c5 2. Nf3 Nc6 3. d4 cxd4 4. Nxd4 Nf6 5. Nc3 e6 6. a3 d5 7. cxd5 exd5 8. Bg5 Bc5 9. e3 Bxd4 10. exd4 O-O 11. Be2 h6 12. Be3 Re8 13. O-O Bf5 14. Rc1 Rc8 15. b4 a5 16. b5 Ne7 17. Na4 Qd6 18. Qb3 Ng4 19. Bxg4 Bxg4 20. f3 Bf5 21. Rxc8 1/2-1/2

[Event "4th IECC"]
[Site "Istanbul"]
[Date "2003.06.10"]
[Round "10"]
[White "Conquest, Stuart"]
[Black "Zvjaginsev, Vadim"]
[Result "1/2-1/2"]
[WhiteElo "2556"]
[BlackElo "2664"]
[PlyCount "89"]
[EventDate "2003.05.30"]
[Source "Roberto Alvarez"]
[SourceDate "2003.06.23"]

1. Nf3 c5 2. c4 Nc6 3. d4 cxd4 4. Nxd4 Nf6 5. Nc3 e6 6. a3 Be7 7. e3 O-O 8. Be2 b6 9. O-O Bb7 10. Nxc6 Bxc6 11. b4 Qb8 12. Bb2 a6 13. Rc1 Rd8 14. Qd4 Qb7 15. f3 b5 16. cxb5 axb5 17. e4 d6 18. Kh1 Ne8 19. Rfd1 Bg5 20. Rc2 e5 21. Qf2 Nc7 22. Qf1 Be3 23. Bd3 Rab8 24. Nd5 Nxd5 25. exd5 Bxd5 26. Bxh7+ Kxh7 27. Qd3+ Kg8 28. Qxe3 Be6 29. h3 f6 30. f4 Re8 31. Rxd6 exf4 32. Qxf4 Rbc8 33. Rcd2 Rc6 34. Rd8 Rc8 35. R8d6 Rc6 36. R6d3 Qc7 37. Qh4 Rc4 38. Qg3 Qxg3 39. Rxg3 Kf7 40. Kh2 Re4 41. Rd6 Bc4 42. Bd4 R8e6 43. Rd7+ Re7 44. Rxe7+ Rxe7 45. Bc5 1/2-1/2

[Event "ESP chT Ponferrada"]
[Site "?"]
[Date "1992.??.??"]
[Round "7"]
[White "Azmajparashvili, Z."]
[Black "Illescas, M."]
[Result "1/2-1/2"]
[WhiteElo "2620"]
[BlackElo "2600"]
[PlyCount "31"]
[EventDate "1992.??.??"]
[Source "www.chesslib.no"]
[SourceDate "2004.05.04"]

1. c4 Nf6 2. Nc3 c5 3. Nf3 Nc6 4. d4 cxd4 5. Nxd4 e6 6. Bf4 Bb4 7. Ndb5 O-O 8. Bc7 Qe7 9. Bd6 Bxd6 10. Qxd6 Qd8 11. Rd1 b6 12. Qa3 Na5 13. Nd6 Nb7 14. Ncb5 Nxd6 15. Nxd6 Ne8 16. e3 1/2-1/2

[Event "Rio de Janeiro Interzonal"]
[Site "Rio de Janeiro"]
[Date "1979.??.??"]
[Round "13"]
[White "Huebner, Robert"]
[Black "Timman, Jan H"]
[Result "1/2-1/2"]
[WhiteElo "2595"]
[BlackElo "2625"]
[PlyCount "79"]
[EventDate "1979.09.??"]
[Source "ChessBase"]

1. Nf3 c5 2. c4 Nf6 3. Nc3 Nc6 4. d4 cxd4 5. Nxd4 e6 6. g3 Bc5 7. Nb3 Bb4 8. Bg2 d5 9. O-O dxc4 10. Nd2 O-O 11. Nxc4 Qe7 12. Bd2 Rd8 13. Qc1 Nd4 14. Re1 e5 15. e3 Nc6 16. Bxc6 bxc6 17. a3 Qe6 18. axb4 Qxc4 19. e4 h6 20. Ra5 Be6 21. Kg2 Rd3 22. Na4 Qxc1 23. Bxc1 Nd7 24. Be3 Rb8 25. Nc5 Nxc5 26. Bxc5 Bg4 27. Rxa7 Bf3+ 28. Kh3 h5 29. Ra3 Rbd8 30. Re3 Rxe3 31. Bxe3 Bxe4 32. f4 exf4 33. gxf4 Kh7 34. Kh4 Kg6 35. Ra5 f6 36. Rc5 Re8 37. Kg3 Rb8 38. Bd2 Bd5 39. b5 Rxb5 40. Rxb5 1/2-1/2

[Event "Bundesliga 2007-8"]
[Site "Eppingen GER"]
[Date "2008.03.08"]
[Round "10"]
[White "Cyborowski, L."]
[Black "Volokitin, And"]
[Result "0-1"]
[WhiteElo "2543"]
[BlackElo "2674"]
[PlyCount "90"]
[EventDate "2008.02.09"]
[Source "www.chesslib.no"]
[SourceDate "2004.05.04"]

1. Nf3 c5 2. c4 Nc6 3. d4 cxd4 4. Nxd4 Nf6 5. Nc3 e6 6. Ndb5 d5 7. Bf4 d4 8. Nc7+ Ke7 9. Nxa8 dxc3 10. Qxd8+ Kxd8 11. Bc7+ Ke8 12. O-O-O cxb2+ 13. Kxb2 Ne4 14. Bg3 Bc5 15. e3 Ke7 16. Bd3 Nxg3 17. hxg3 g6 18. Nc7 a6 19. Rc1 Bd7 20. Nb5 axb5 21. cxb5 Nb4 22. Be2 Bd6 23. e4 Ra8 24. a3 Nd5 25. exd5 Bxa3+ 26. Kb1 Bxc1 27. dxe6 Bxe6 28. Rxc1 Kd6 29. Rc3 Bd5 30. Bf3 Ra5 31. Bxd5 Kxd5 32. Rd3+ Kc4 33. Rd7 Rxb5+ 34. Kc2 Rf5 35. f4 b5 36. Rc7+ Kb4 37. Kd3 h5 38. Ke4 Kb3 39. Kf3 b4 40. g4 hxg4+ 41. Kxg4 Kb2 42. Kf3 b3 43. g4 Rf6 44. Ke4 Ka3 45. Ke5 Rb6 0-1

[Event "Drammen"]
[Site "?"]
[Date "2004.??.??"]
[Round "?"]
[White "Korchnoi, V."]
[Black "Macieja, B."]
[Result "1/2-1/2"]
[WhiteElo "2600"]
[BlackElo "2610"]
[PlyCount "82"]
[EventDate "2004.??.??"]
[Source "Chess Informant"]
[SourceDate "2004.10.01"]

1. Nf3 c5 2. c4 Nc6 3. d4 cxd4 4. Nxd4 e6 5. Nc3 Nf6 6. a3 Be7 7. e4 O-O 8. Nf3 b6 9. Bf4 Bb7 10. Bd3 Nh5 11. Be3 Qc7 12. O-O Rac8 13. Re1 Nf4 14. Bc2 Ng6 15. Nb5 Qb8 16. b3 Rfd8 17. Qd2 Nce5 18. Nxe5 Nxe5 19. Bf4 d6 20. Nd4 Ng6 21. Bg3 Bf6 22. Rad1 Be5 23. Qe3 d5 24. exd5 Bxg3 25. hxg3 exd5 26. Nf5 dxc4 27. Qc3 f6 28. Rxd8+ Rxd8 29. Qxc4+ Bd5 30. Qb5 Bf7 31. Ne7+ Nxe7 32. Rxe7 Kf8 33. Re3 Bg6 34. Qb4+ Qd6 35. Qxd6+ Rxd6 36. Bxg6 Rd1+ 37. Kh2 hxg6 38. g4 b5 39. b4 Kf7 40. f4 Rc1 41. Kg3 Rc4 1/2-1/2

[Event "2nd IECC, Ohrid MKD"]
[Site "?"]
[Date "2001.??.??"]
[Round "10"]
[White "Chuchelov, V."]
[Black "Krasenkow, M."]
[Result "1-0"]
[WhiteElo "2550"]
[BlackElo "2655"]
[PlyCount "65"]
[EventDate "2001.??.??"]
[Source "www.chesslib.no"]
[SourceDate "2004.05.04"]

1. Nf3 c5 2. c4 Nc6 3. d4 cxd4 4. Nxd4 Nf6 5. Nc3 e6 6. a3 Be7 7. e4 O-O 8. Nf3 b6 9. Be2 Bb7 10. O-O d6 11. Bf4 Ne5 12. Nd2 Ned7 13. Re1 Nc5 14. Bf1 d5 15. exd5 exd5 16. cxd5 Nxd5 17. Nxd5 Bxd5 18. Nc4 Ne6 19. Be5 Rc8 20. Ne3 Be4 21. Qa4 Nc5 22. Qxa7 Ra8 23. Qc7 Qxc7 24. Bxc7 Bf6 25. Nc4 Nb3 26. Rad1 Bc2 27. Rd5 Rfe8 28. Rxe8+ Rxe8 29. Bxb6 Re1 30. f3 Rb1 31. Kf2 h6 32. a4 Bxb2 33. a5 1-0

[Event "Sigeman & Co"]
[Site "Malmo"]
[Date "1999.06.08"]
[Round "1"]
[White "Agrest, Evgenij"]
[Black "Timman, Jan H"]
[Result "1/2-1/2"]
[WhiteElo "2533"]
[BlackElo "2670"]
[PlyCount "118"]
[EventDate "1999.06.??"]
[Source "ChessBase"]
[SourceDate "1999.10.01"]

1. Nf3 Nf6 2. c4 c5 3. Nc3 Nc6 4. d4 cxd4 5. Nxd4 e6 6. Bg5 Be7 7. e3 Qa5 8. Ndb5 O-O 9. a3 d5 10. b4 Qd8 11. cxd5 Nxd5 12. Bxe7 Ncxe7 13. Nxd5 Nxd5 14. Bc4 Bd7 15. Nd4 Nb6 16. Bd3 e5 17. Nf3 Qe7 18. Qb1 f5 19. Be2 f4 20. e4 Rac8 21. O-O Bg4 22. Qa2+ Kh8 23. Rac1 Nd7 24. h3 Bxf3 25. Bxf3 Nf6 26. Rc2 Rxc2 27. Qxc2 g6 28. Rc1 b6 29. Qc7 Re8 30. h4 Kg7 31. Be2 Kf8 32. Bb5 Qxc7 33. Rxc7 Re7 34. Rc8+ Kf7 35. f3 h6 36. Kf2 g5 37. hxg5 hxg5 38. Ke2 g4 39. Kd3 Kg6 40. fxg4 Kg5 41. Bc6 Kxg4 42. Rf8 Re6 43. Bd5 Rd6 44. Rf7 Kg3 45. Rg7+ Kf2 46. Rg5 b5 47. Rxe5 Kxg2 48. Rg5+ Kf2 49. Kd4 f3 50. Rf5 Nxd5 51. exd5 Ra6 52. Kc5 Rxa3 53. d6 Rd3 54. Kc6 Ke2 55. d7 f2 56. Re5+ Kd2 57. Rf5 Ke2 58. Re5+ Kf3 59. Rf5+ Ke2 1/2-1/2

[Event "Ch (Men) Santa Clara CUB"]
[Site "?"]
[Date "2006.04.04"]
[Round "1.1"]
[White "Nogueiras Jesus"]
[Black "Dominguez Lenier"]
[Result "1/2-1/2"]
[WhiteElo "2556"]
[BlackElo "2647"]
[PlyCount "34"]
[EventDate "2006.??.??"]
[Source "www.chesslib.no"]
[SourceDate "2004.05.04"]

1. c4 c5 2. Nf3 Nc6 3. d4 cxd4 4. Nxd4 Nf6 5. Nc3 e6 6. a3 Be7 7. e4 O-O 8. Be2 d5 9. exd5 exd5 10. O-O Nxd4 11. Qxd4 Be6 12. cxd5 Nxd5 13. Nxd5 Qxd5 14. Qxd5 Bxd5 15. Rd1 Rfd8 16. Be3 Bf6 17. Rd2 Be6 1/2-1/2

[Event "Frankfurt Ordix op"]
[Site "Frankfurt"]
[Date "1999.07.03"]
[Round "6"]
[White "Milov, Vadim"]
[Black "Krasenkow, Michal"]
[Result "1-0"]
[WhiteElo "2633"]
[BlackElo "2570"]
[PlyCount "79"]
[EventDate "1999.07.??"]
[Source "www.chesslib.no"]
[SourceDate "2004.05.04"]

1. c4 c5 2. Nf3 Nc6 3. d4 cxd4 4. Nxd4 Nf6 5. Nc3 e6 6. a3 Bc5 7. Nb3 Be7 8. e4 d6 9. Be2 O-O 10. O-O a6 11. Be3 b6 12. f4 Bb7 13. Bf3 Qc7 14. Rc1 Nd7 15. Qe2 Rac8 16. Nd5 Qd8 17. Nxe7+ Qxe7 18. Nd2 e5 19. f5 Nd4 20. Bxd4 exd4 21. Qf2 Qe5 22. b4 b5 23. cxb5 axb5 24. Nb3 d3 25. Qd4 Rfe8 26. Qxd3 Rxc1 27. Rxc1 Bxe4 28. Bxe4 Qxe4 29. Qxe4 Rxe4 30. Rc8+ Nf8 31. Rb8 Re3 32. Nd4 Rxa3 33. Nxb5 Ra6 34. Nc7 Ra7 35. Nd5 f6 36. b5 Kf7 37. b6 Ra1+ 38. Kf2 Nd7 39. Rd8 Nc5 40. b7 1-0

[Event "Cap d'Agde"]
[Site "Cap d'Agde"]
[Date "1994.??.??"]
[Round "1"]
[White "Lautier, Joel"]
[Black "Leko, Peter"]
[Result "1-0"]
[WhiteElo "2645"]
[BlackElo "2555"]
[PlyCount "53"]
[EventDate "1994.10.??"]
[Source "ChessBase"]

1. c4 c5 2. Nf3 Nc6 3. d4 cxd4 4. Nxd4 Nf6 5. Nc3 e6 6. g3 Bc5 7. Nb3 Bb4 8. Bg2 d5 9. cxd5 Nxd5 10. O-O Nxc3 11. Qxd8+ Kxd8 12. bxc3 Bxc3 13. Rb1 a5 14. Be3 Bb4 15. Rfc1 Ke7 16. Nd4 Bd7 17. Nb5 Kf6 18. a3 Be7 19. h4 Kg6 20. Rd1 Be8 21. g4 Bxh4 22. Nd6 f5 23. Rxb7 Rd8 24. gxf5+ exf5 25. Rb6 Rb8 26. Ra6 f4 27. Bxf4 1-0

[Event "FIDE Wch KO"]
[Site "?"]
[Date "2000.??.??"]
[Round "2"]
[White "Krasenkow Michal"]
[Black "Macieja Bartlomiej"]
[Result "0-1"]
[WhiteElo "2661"]
[BlackElo "2538"]
[PlyCount "101"]
[EventDate "2000.??.??"]
[Source "www.chesslib.no"]
[SourceDate "2004.05.04"]

1. Nf3 c5 2. c4 Nc6 3. d4 cxd4 4. Nxd4 e6 5. Nc3 Nf6 6. Ndb5 d5 7. Bf4 e5 8. cxd5 exf4 9. dxc6 bxc6 10. Qxd8+ Kxd8 11. Rd1+ Bd7 12. Nd6 Rb8 13. Nxf7+ Ke8 14. Nd6+ Bxd6 15. Rxd6 Rxb2 16. Rd2 Rxd2 17. Kxd2 Ke7 18. g3 Bf5 19. Bg2 Rd8+ 20. Kc1 Nd5 21. Nxd5+ cxd5 22. gxf4 Rc8+ 23. Kd2 Rc2+ 24. Ke3 d4+ 25. Kxd4 Rxe2 26. Bd5 Kd6 27. Bb3 Re4+ 28. Kc3 Rxf4 29. Rd1+ Kc5 30. Rd5+ Kc6 31. Rd2 a5 32. Bd5+ Kc5 33. f3 g5 34. a3 h6 35. Rd1 Bg6 36. Rd2 Bh5 37. Rd3 Bg6 38. Rd2 Rf6 39. Ba8 Bh5 40. Rd3 Kb6 41. Kd4 Be8 42. Ke3 Kc5 43. Be4 Bd7 44. Bc6 Bxc6 45. Rd5+ Kxd5 46. Kd2 Kd4 47. Ke1 Bb5 48. Kd2 Kc4 49. Ke3 Kb3 50. f4 Kb2 51. Kd4 0-1

[Event "Bundesliga 2007-8"]
[Site "Baden Baden GER"]
[Date "2007.12.14"]
[Round "7"]
[White "Bacrot, E."]
[Black "Flumbort, A."]
[Result "1/2-1/2"]
[WhiteElo "2695"]
[BlackElo "2499"]
[PlyCount "46"]
[EventDate "2007.10.19"]
[Source "www.chesslib.no"]
[SourceDate "2004.05.04"]

1. Nf3 c5 2. c4 Nc6 3. d4 cxd4 4. Nxd4 Nf6 5. Nc3 e6 6. a3 Bc5 7. Nb3 Be7 8. e4 O-O 9. Be2 b6 10. Bf4 d6 11. O-O Ba6 12. Re1 Ne5 13. Nd2 Qd7 14. Bf1 Rfc8 15. b3 Rd8 16. Bg3 Rac8 17. Kh1 Ng6 18. a4 d5 19. exd5 exd5 20. Nxd5 Nxd5 21. cxd5 Bxf1 22. Rxf1 Qxd5 23. Nc4 Qf5 1/2-1/2

[Event "Manila (ol)"]
[Site "?"]
[Date "1992.??.??"]
[Round "?"]
[White "Korchnoi, Viktor L"]
[Black "Psakhis, Lev B"]
[Result "1/2-1/2"]
[WhiteElo "2585"]
[BlackElo "2605"]
[PlyCount "103"]
[EventDate "1992.??.??"]
[Source "www.chesslib.no"]
[SourceDate "2004.05.04"]

1. c4 c5 2. Nf3 Nf6 3. Nc3 Nc6 4. d4 cxd4 5. Nxd4 e6 6. Bg5 Be7 7. e3 O-O 8. Be2 d6 9. O-O a6 10. Qd2 Qc7 11. Rac1 Ne5 12. b3 h6 13. Bf4 b6 14. Bg3 Bb7 15. f4 Ned7 16. b4 Rac8 17. a3 Qb8 18. f5 e5 19. Nb3 Qa8 20. Rf2 Rc7 21. Qd1 Rfc8 22. Bf1 b5 23. Rfc2 bxc4 24. Na5 Qa7 25. Bf2 e4 26. Qd4 Qxd4 27. exd4 Ba8 28. Bxc4 Rxc4 29. Nxc4 Rxc4 30. Nxe4 Rxc2 31. Nxf6+ Bxf6 32. Rxc2 Be4 33. Rc8+ Kh7 34. Rc7 Nb6 35. g4 h5 36. h3 hxg4 37. hxg4 Bf3 38. Ra7 Be2 39. Kh2 Bg5 40. Bg3 f6 41. Rb7 Nc4 42. a4 Bxg4 43. b5 axb5 44. axb5 Be3 45. Re7 Bd2 46. Rc7 d5 47. Rc5 Bf3 48. Bc7 Be3 49. b6 Nxb6 50. Bxb6 Bxd4 51. Kg3 Be4 52. Kg4 1/2-1/2

[Event "Bundesliga 0001"]
[Site "Germany"]
[Date "2001.04.01"]
[Round "13.1"]
[White "Nielsen, Peter Heine"]
[Black "Ftacnik, Lubomir"]
[Result "1/2-1/2"]
[WhiteElo "2578"]
[BlackElo "2608"]
[PlyCount "38"]
[EventDate "2000.10.14"]
[Source "ChessBase"]
[SourceDate "2001.07.03"]

1. Nf3 Nf6 2. c4 c5 3. Nc3 e6 4. d4 cxd4 5. Nxd4 Nc6 6. Bf4 d5 7. cxd5 Nxd5 8. Nxc6 bxc6 9. Bd2 Bb4 10. Qc2 Qa5 11. e3 Rb8 12. Bd3 Ba6 13. O-O Bxd3 14. Qxd3 O-O 15. Rfc1 Rfd8 16. Qe2 h6 17. a3 Nxc3 18. Bxc3 Bxc3 19. Rxc3 Qb5 1/2-1/2

[Event "Reggio Emilia"]
[Site "?"]
[Date "1989.??.??"]
[Round "?"]
[White "Georgiev, Kir"]
[Black "de Firmian, N."]
[Result "1/2-1/2"]
[WhiteElo "2590"]
[BlackElo "2595"]
[PlyCount "99"]
[EventDate "1989.??.??"]
[Source "ChessBase"]
[SourceDate "1990.01.01"]

1. c4 c5 2. Nc3 Nc6 3. Nf3 Nf6 4. d4 cxd4 5. Nxd4 e6 6. Ndb5 d5 7. Bf4 e5 8. cxd5 exf4 9. dxc6 bxc6 10. Qxd8+ Kxd8 11. Rd1+ Bd7 12. Nd6 Kc7 13. Nxf7 Rg8 14. Ne5 Rb8 15. Nxd7 Nxd7 16. g3 Rxb2 17. Bh3 Nc5 18. Rd2 Rxd2 19. Kxd2 Bd6 20. Rc1 Rd8 21. Ke1 h6 22. Bg2 g5 23. Ne4 Nxe4 24. Bxe4 Bb4+ 25. Kf1 c5 26. a3 Bxa3 27. Ra1 Rd4 28. Rxa3 Rxe4 29. Rxa7+ Kb6 30. Rh7 c4 31. Rxh6+ Kb5 32. Ke1 Rd4 33. e3 Rd8 34. gxf4 c3 35. Rh7 Kb6 36. Rh6+ Kb7 37. Rh7+ Kb6 38. Rh6+ Kb5 39. Rh7 c2 40. Rc7 Rd1+ 41. Ke2 c1=Q 42. Rxc1 Rxc1 43. fxg5 Kc4 44. f4 Kd5 45. Kf3 Rf1+ 46. Kg2 Rc1 47. Kf3 Rh1 48. Kg2 Re1 49. Kf2 Rh1 50. Kg2 1/2-1/2

[Event "Tilburg"]
[Site "Tilburg"]
[Date "1982.??.??"]
[Round "?"]
[White "Andersson, Ulf"]
[Black "Sosonko, Gennadi"]
[Result "1/2-1/2"]
[WhiteElo "2610"]
[BlackElo "2575"]
[PlyCount "43"]
[EventDate "1982.09.??"]
[Source "ChessBase"]

1. Nf3 c5 2. c4 Nc6 3. d4 cxd4 4. Nxd4 Nf6 5. Nc3 e6 6. Bf4 d5 7. cxd5 Nxd5 8. Nxc6 bxc6 9. Bd2 Bb4 10. Rc1 Rb8 11. Qc2 Qa5 12. e3 Nxc3 13. bxc3 Ba3 14. Rb1 Rxb1+ 15. Qxb1 Qb6 16. Qb3 Bc5 17. Be2 Ke7 18. O-O Rd8 19. Rd1 Qxb3 20. axb3 e5 21. Be1 Rxd1 22. Bxd1 1/2-1/2

[Event "Cardoza US op"]
[Site "Kona"]
[Date "1998.08.08"]
[Round "8"]
[White "Wojtkiewicz, Aleksander"]
[Black "Gulko, Boris F"]
[Result "1/2-1/2"]
[WhiteElo "2595"]
[BlackElo "2585"]
[PlyCount "35"]
[EventDate "1998.08.??"]
[Source "www.chesslib.no"]
[SourceDate "2004.05.04"]

1. Nf3 c5 2. c4 Nc6 3. d4 cxd4 4. Nxd4 Nf6 5. Nc3 e6 6. Ndb5 d5 7. Bf4 e5 8. cxd5 exf4 9. dxc6 bxc6 10. Qxd8+ Kxd8 11. O-O-O+ Bd7 12. Nd6 Bxd6 13. Rxd6 Ng4 14. Nd1 Kc7 15. Rd4 g5 16. g3 fxg3 17. hxg3 h5 18. Bg2 1/2-1/2

[Event "Dos Hermanas"]
[Site "?"]
[Date "2004.??.??"]
[Round "?"]
[White "Illescas Cordoba, M."]
[Black "Karjakin, Sergey"]
[Result "1/2-1/2"]
[WhiteElo "2615"]
[BlackElo "2565"]
[PlyCount "142"]
[EventDate "2004.??.??"]
[Source "Chess Informant"]
[SourceDate "2004.02.01"]

1. Nf3 c5 2. c4 Nc6 3. d4 cxd4 4. Nxd4 Nf6 5. Nc3 e6 6. a3 Be7 7. g3 Qb6 8. Ndb5 Ne5 9. Bg2 a6 10. Na4 Qa5+ 11. b4 Qd8 12. Nd6+ Bxd6 13. Qxd6 Nxc4 14. Qd4 d5 15. O-O O-O 16. Rd1 Bd7 17. Nc5 Bc6 18. Bg5 h6 19. Bxf6 Qxf6 20. Qxf6 gxf6 21. e4 dxe4 22. Bxe4 Bxe4 23. Nxe4 f5 24. Nd6 Nxd6 25. Rxd6 Rfd8 26. Rad1 Rxd6 27. Rxd6 Rc8 28. Rd7 Rc3 29. a4 b6 30. Rd6 Ra3 31. Rxb6 Rxa4 32. Kg2 a5 33. bxa5 Rxa5 34. Rb4 Kg7 35. h3 h5 36. h4 Ra2 37. Kf3 Ra3+ 38. Kg2 Kg6 39. Rc4 e5 40. Rc6+ f6 41. Rc4 Rd3 42. Rc2 Rd4 43. f3 f4 44. gxf4 Rxf4 45. Kg3 Rd4 46. Rc3 Kf5 47. Ra3 Rd5 48. Rb3 Ke6 49. Ra3 f5 50. Ra8 Rd3 51. Kf2 Rd2+ 52. Kg3 f4+ 53. Kh3 Rd3 54. Kg2 Kd5 55. Ra5+ Kd4 56. Ra4+ Kc3 57. Ra5 Kd4 58. Ra4+ Kd5 59. Ra5+ Ke6 60. Ra8 Rd2+ 61. Kh3 Rd7 62. Kg2 Kd5 63. Ra5+ Kd4 64. Ra4+ Kd3 65. Re4 Rd5 66. Kf2 Rc5 67. Kf1 Ra5 68. Kf2 Rb5 69. Kf1 Rc5 70. Kf2 Kd2 71. Re2+ Kd3 1/2-1/2

[Event "Donner, Amsterdam NED"]
[Site "?"]
[Date "1996.??.??"]
[Round "?"]
[White "Adianto, U."]
[Black "De Firmian, N."]
[Result "1/2-1/2"]
[WhiteElo "2605"]
[BlackElo "2575"]
[PlyCount "38"]
[EventDate "1996.??.??"]
[Source "www.chesslib.no"]
[SourceDate "2004.05.04"]

1. d4 Nf6 2. c4 c5 3. Nf3 cxd4 4. Nxd4 Nc6 5. Nc3 e6 6. Ndb5 d5 7. Bf4 e5 8. cxd5 exf4 9. dxc6 bxc6 10. Qxd8+ Kxd8 11. Nd4 Bb7 12. Rd1 Kc7 13. g3 Rd8 14. Bg2 Rxd4 15. Rxd4 c5 16. Rd5 Nxd5 17. Bxd5 fxg3 18. hxg3 Bxd5 19. Nxd5+ Kc6 1/2-1/2

[Event "Budapest (zt)"]
[Site "?"]
[Date "2000.??.??"]
[Round "?"]
[White "Horvath, Jo"]
[Black "Hracek, Z."]
[Result "1/2-1/2"]
[WhiteElo "2555"]
[BlackElo "2620"]
[PlyCount "38"]
[EventDate "2000.??.??"]
[Source "Chess Informant"]
[SourceDate "2000.06.01"]

1. Nf3 c5 2. c4 Nc6 3. d4 cxd4 4. Nxd4 Nf6 5. Nc3 e6 6. a3 Bc5 7. Nb3 Be7 8. e4 b6 9. Be2 O-O 10. O-O Ba6 11. f4 Rc8 12. Be3 d6 13. Bf2 Qc7 14. Rc1 Qb8 15. Nd2 Bb7 16. b4 Qa8 17. Re1 Nb8 18. Bd3 Nbd7 19. Re3 Rfd8 1/2-1/2

[Event "TCh-CRO, Pula CRO"]
[Site "?"]
[Date "2001.??.??"]
[Round "5"]
[White "Gyimesi, Z."]
[Black "Sax, G."]
[Result "1/2-1/2"]
[WhiteElo "2600"]
[BlackElo "2575"]
[PlyCount "45"]
[EventDate "2001.??.??"]
[Source "www.chesslib.no"]
[SourceDate "2004.05.04"]

1. c4 Nf6 2. Nf3 c5 3. Nc3 Nc6 4. d4 cxd4 5. Nxd4 e6 6. a3 Be7 7. e4 O-O 8. Be2 d5 9. cxd5 exd5 10. exd5 Nxd5 11. Nxc6 bxc6 12. Bd2 Bf6 13. O-O Nxc3 14. Bxc3 Bxc3 15. Qxd8 Rxd8 16. bxc3 Be6 17. Rfd1 Kf8 18. Bf3 Ke7 19. Kf1 Rab8 20. Rxd8 Kxd8 21. Bxc6 Rb3 22. Ke2 Rxc3 23. Be4 1/2-1/2

[Event "otb"]
[Site "otb"]
[Date "2007.04.09"]
[Round "6"]
[White "Stojanovic Mihajlo"]
[Black "Sokolov Andrei"]
[Result "1/2-1/2"]
[WhiteElo "2588"]
[BlackElo "2584"]
[PlyCount "21"]
[Source "www.chesslib.no"]
[SourceDate "2004.05.04"]

1. Nf3 Nf6 2. c4 c5 3. Nc3 Nc6 4. d4 cxd4 5. Nxd4 e6 6. a3 Be7 7. e4 O-O 8. Nf3 d6 9. Be2 b6 10. O-O Bb7 11. Bf4 1/2-1/2

[Event "Bundesliga 2007-8"]
[Site "Godesberg GER"]
[Date "2008.02.10"]
[Round "9"]
[White "Ftacnik, L."]
[Black "Avrukh, B."]
[Result "0-1"]
[WhiteElo "2542"]
[BlackElo "2628"]
[PlyCount "104"]
[EventDate "2008.02.09"]
[Source "www.chesslib.no"]
[SourceDate "2004.05.04"]

1. Nf3 c5 2. c4 Nc6 3. d4 cxd4 4. Nxd4 Nf6 5. Nc3 e6 6. a3 Be7 7. e4 O-O 8. Be2 d5 9. exd5 exd5 10. O-O Nxd4 11. Qxd4 Be6 12. cxd5 Nxd5 13. Nxd5 Qxd5 14. Be3 Rfd8 15. Qxd5 Bxd5 16. Rfd1 Bf6 17. Bd4 Bb3 18. Bxf6 gxf6 19. Re1 Rac8 20. Bf3 b6 21. Re3 Be6 22. b4 Rd2 23. h3 f5 24. Rae1 Kg7 25. R3e2 Rd4 26. Kh2 Kf6 27. g3 a5 28. bxa5 bxa5 29. Re5 a4 30. R5e3 Bb3 31. Kg2 Rd2 32. R1e2 Rxe2 33. Rxe2 Rc1 34. Rd2 Ke5 35. Bb7 Ra1 36. f4+ Kf6 37. Bd5 Rxa3 38. g4 fxg4 39. hxg4 Ke7 40. Rd4 Ra2+ 41. Kg3 Rc2 42. g5 Bxd5 43. Rxd5 a3 44. Ra5 a2 45. Kg4 Kd6 46. Kh5 Rh2+ 47. Kg4 Kc6 48. Kf5 Kb6 49. Ra3 Rf2 50. Kf6 Rxf4+ 51. Kg7 Rf2 52. Kxh7 Rg2 0-1